|
|
|
|
| LEADER |
01124cam a2200301Ia 4500 |
| 001 |
9780203469620 |
| 003 |
FlBoTFG |
| 005 |
19920708090654.5 |
| 006 |
a|||||s||||||||||| |
| 007 |
cr|||| |
| 008 |
910828s1991 enkab b 001 0 eng d |
| 020 |
|
|
|a 9780203469620 (e-book : PDF)
|
| 040 |
|
|
|a FlBoTFG
|c FlBoTFG
|d GrThAP
|
| 043 |
|
|
|a e-it---
|
| 082 |
0 |
0 |
|a 937/.8
|2 20
|
| 090 |
|
|
|a DG55.S5
|b H65 1991
|
| 100 |
1 |
|
|a Holloway, R. Ross,
|d 1934-
|
| 245 |
1 |
4 |
|a The archaeology of ancient Sicily /
|c R. Ross Holloway ; drawings by Anne Lovelace Holloway.
|
| 260 |
|
|
|a London ;
|a New York :
|b Routledge,
|c 1991.
|
| 300 |
|
|
|a xviii, 211 p. :
|b ill., maps ;
|c 26 cm.
|
| 504 |
|
|
|a Includes bibliographical references (p. 185-202) and index.
|
| 530 |
|
|
|a Also available in print edition.
|
| 533 |
|
|
|a Electronic reproduction.
|b [London, Eng. :
|b Taylor and Francis,
|d 2010].
|n PDF file created from digital scan of print book.
|
| 651 |
|
0 |
|a Sicily (Italy)
|x Antiquities.
|
| 655 |
|
7 |
|a Electronic books.
|2 lcsh
|
| 776 |
1 |
|
|z 0415237912
|
| 776 |
1 |
|
|z 0415019095
|
| 856 |
4 |
0 |
|u http://www.tandfebooks.com/isbn/9780203469620
|z Full Text via HEAL-Link
|